LEADER 01331nam a2200289 u 4500 001 000000070877 003 CaOOAMICUS 005 20070226122053.0 008 020516s1977 ph u000 u eng u 035 $a10930102 040 $aPUL(R)$bita 100 1 $aBea, Augustin,$ccard.,$d1881-1968.$0(OLS)http://pul/name/2946 245 14$aThe moral system of buddhism :$baccording to the Milinda Panha with a christian-theological reflection /$cLily Quintos .. 260 $aManila :$bAteneo de Manila University,$c1977. 300 $a223 p. ;$c24 cm 490 1 $aCardinal Bea Studies ;$v6 504 $aBibliografia: p. 215-223. 650 4$aBudda e buddismo.$0(OLS)http://pul/subject/10833 700 1 $aQuintos, Lily.$0(OLS)http://pul/name/47110 830 0$aCardinal Bea Studies ;$v6.$0(OLS)http://pul/title/76422 850 $aPUL 852 $aPUL$W1$xDP1 Cons. Gen., Altre Classi 1$y22$m780 D 52$j91707$nBK-PRI$b $qStampati$B91707$CPULBib$Z2$F91707 $H $81 900 $aBea, Agostino,$ccard.,$d1881-1968$92946 941 1 $a8 961 $aINV: 61396 996 $6245$aThe moral system of buddhism :$baccording to the Milinda Panha with a christian-theological reflection$9(OLS)http://pul/title/93362 996 $6260$aManila :$bAteneo de Manila University$9(OLS)http://pul/publisher/70077 LEADER 01238nam a2200289 a 4500 001 000000140182 003 CaOOAMICUS 005 20141024100756.0 008 141024s2011 it u000 u ita r 020 $a978-88-308-1113-3 040 $aPUL$bita 082 04$a261.5 100 1 $aRimoli, Emanuele.$0(OLS)http://pul/name/90405 245 10$aNulla è senza voce :$bla letteratura espressione della relazionalità dell'uomo /$cEmanuele Rimoli, Guglielmo Spirito. 260 $aAssisi :$bCittadella,$c©2011. 300 $a145 p. ;$c21 cm 504 $aBibliografia p. [139]-145. 650 4$aLetteratura e teologia.$0(OLS)http://pul/subject/8664 700 1 $aSpirito, Guglielmo.$0(OLS)http://pul/name/90400 850 $aPUL 852 $aPUL$W1$xDP2 Religione 3$y114$m261. 5 RIMEM 1$j162007$qDDC 21$B161453$CPULBib$Z2$F161453 $H124810 $82 941 1 $a9 996 $6020$a978-88-308-1113-3 $9(OLS)http://pul/number/156182 996 $6082$a261.5$9(OLS)http://pul/classification/417 996 $6245$aNulla è senza voce :$bla letteratura espressione della relazionalità dell'uomo$9(OLS)http://pul/title/177451 996 $6260$aAssisi :$bCittadella$9(OLS)http://pul/publisher/49668 LEADER 01812nam a2200373 a 4500 001 000000166291 003 CaOOAMICUS 005 20180301095044.0 008 180301s2017 fr hf u000 u fre r 020 $a978-2-204-12618-2* 032 $aLibriCat 040 $aPUL$bita 041 1 $afre$alat$hlat 100 0 $aHieronymus,$cs.,$d342/347-419.$0(OLS)http://pul/name/3875 245 10$aPréfaces aux livres de la Bible /$cJérôme ; textes latins des éditions de R. Weber et R. Gryson et de l'Abbaye Saint-Jérôme (Rome), revus et corrigés ; introduction, traduction et notes réalisés en séminaire sous la direction d'Aline Canellis. 260 $aParis :$bCerf,$c2017. 300 $a530 p., [1] p. di tav. :$bfacsim. ;$c20 cm. 490 1 $aSources chrétiennes ;$v592 504 $aInclude riferimenti bibliografici e indici. 546 $aTesto latino con traduzione a fronte; introduzione in francese. 700 1 $aWeber, Robert,$cO.S.B.$0(OLS)http://pul/name/2305 700 1 $aCanellis, Aline.$0(OLS)http://pul/name/49893 700 1 $aGryson, Roger.$0(OLS)http://pul/name/8698 710 2 $aSan Girolamo (abbazia benedettina : Roma).$0(OLS)http://pul/name/3905 830 0$aSources chrétiennes ;$v592.$0(OLS)http://pul/title/45 850 $aPUL 852 $aPUL$W1$xSL Religione 2$y84$mTheol E3 592$j190819$qStampati Altre Collocazioni$B193714$CPULBib$Z2$F193714 $H130542 $81 900 $aGirolamo,$cs.$d 342/347-419$93875 900 $aHieronymus, Sophronius Eusebius,$d342/347-419$93875 941 1 $a10 996 $6020$a978-2-204-12618-2*$9(OLS)http://pul/number/163622 996 $6245$aPréfaces aux livres de la Bible$9(OLS)http://pul/title/206008 996 $6260$aParis :$bCerf$9(OLS)http://pul/publisher/48238